NFL Player Colleges #2 - Statistics

General Stats
  • This quiz has been taken 83 times
  • The average score is 22 of 25
Answer Stats
Player College % Correct
Tom Brady Michigan
100%
CJ Stroud Ohio St
100%
Justin Herbert Oregon
99%
DeAndre Hopkins Clemson
96%
Deshaun Watson Clemson
96%
Tee Higgins Clemson
96%
Odell Beckham Jr LSU
96%
Kyler Murray Oklahoma
96%
Xavier Worthy Texas
95%
Drake Maye North Carolina
93%
Christian McCaffrey Stanford
93%
Devonta Smith Alabama
92%
Matthew Stafford Georgia
92%
Peyton Manning Tennessee
91%
Myles Garrett Texas A&M
91%
Mike Evans Texas A&M
91%
Russell Wilson Wisconsin
89%
Jared Goff California
88%
DK Metcalf Ole Miss
82%
Jadeveon Clowney South Carolina
82%
Deebo Samuel South Carolina
82%
Derek Carr Fresno St
78%
Drew Brees Purdue
78%
Zay Flowers Boston College
74%
Isaiah Pacheco Rutgers
62%
No matching quizzes found
Score Distribution
Percent of People with Each Score
Percentile by Number Answered
Your Score History
You have not taken this quiz